No Shortcuts - Asia- 15 Second Sprint - Statistics

General Stats
  • This quiz has been taken 10 times
  • The average score is 8 of 48
Answers on the Map
Answers color-coded by a green-red scale on the quiz's map according to % correct below.
 
Answer Stats
Answer % Correct
China
88%
India
63%
Japan
50%
Mongolia
50%
Nepal
50%
Bhutan
38%
North Korea
38%
South Korea
38%
Vietnam
38%
East-Timor
25%
Iran
25%
Iraq
25%
Kazakhstan
25%
Sri Lanka
25%
Afghanistan
13%
Cambodia
13%
Indonesia
13%
Israel
13%
Jordan
13%
Kyrgyzstan
13%
Laos
13%
Malaysia
13%
Myanmar
13%
Pakistan
13%
Qatar
13%
Saudi Arabia
13%
Singapore
13%
Syria
13%
Tajikistan
13%
Turkey
13%
Turkmenistan
13%
Uzbekistan
13%
Armenia
0%
Azerbaijan
0%
Bahrain
0%
Bangladesh
0%
Brunei
0%
Cyprus
0%
Georgia
0%
Kuwait
0%
Lebanon
0%
Maldives
0%
Oman
0%
Philippines
0%
Taiwan
0%
Thailand
0%
United Arab Emirates
0%
Yemen
0%
No matching quizzes found
Score Distribution
Percent of People with Each Score
Percentile by Number Answered
Your Score History
You have not taken this quiz